El zoológico numérico / (Registro nro. 59538)

Detalles MARC
000 -CABECERA
Longitud fija campo de control 01899nam a2200349 4500
003 - • IDENTIFICADOR DELl NÚMERO DE CONTROL
Identificador del número de control CO-BoRNBP
005 - • FECHA Y HORA DE LA ÚLTIMA TRANSACCIÓN
Fecha y hora de la última transacción 20251022160954.0
007 - • CAMPO FIJO DE DESCRIPCIÓN FÍSICA
Campo fijo de descripción física ta
008 - • CÓDIGOS DE INFORMACIÓN DE LONGITUD FIJA
Códigos de información de longitud fija 250125s2024 ck a||||r|||| 00| 0dspa d
020 ## - • NÚMERO INTERNACIONAL NORMALIZADO PARA LIBROS
Número Internacional Normalizado para Libros (ISBN) 9789587896435
040 ## - FUENTE DE LA CATALOGACIÓN
Centro catalogador de origen CO-BoRNBP
Lengua de catalogación spa
Normas de descripción rda
Centro transcriptor CO-BoRNBP
041 0# - • CÓDIGO DE LENGUA
Código de lengua del texto/banda sonora o título independiente spa
082 04 - • NÚMERO DE LA CLASIFICACIÓN DECIMAL DEWEY
Número de clasificación (R) 510.7
Número del ítem V17z
Número de edición 23
100 ## - • PUNTO DE ACCESO PRINCIPAL-NOMBRE DE PERSONA
Nombre de persona Vasco Uribe, Carlos Eduardo
Fechas asociadas al nombre 1937-2022
Término indicativo de función aut
245 13 - • TITULO PROPIAMENTE DICHO
Título El zoológico numérico /
Mención de responsabilidad, etc. Carlos Eduardo Vasco Uribe.
250 ## - • MENCIÓN DE EDICIÓN
Mención de edición Edición especial
264 #1 - PRODUCCIÓN, PUBLICACIÓN , DISTRIBUCIÓN, FABRICACIÓN Y COPYRIGHT
Lugar de producción, publicación, distribución, fabricación Bogotá, Colombia :
Nombre del productor, editor, distribuidor, fabricante Uninorte,
Fecha de de producción, publicación, distribución, fabricación o copyright 2024
300 ## - • DESCRIPCIÓN FÍSICA
Extensión XI, 253 páginas :
Otras características físicas ilustraciones a color
336 ## - TIPO DE CONTENIDO
Fuente rdacontent
Término de tipo de contenido texto
Código de tipo de contenido txt
337 ## - TIPO DE MEDIO
Fuente rdamedia
Nombre del tipo de medio sin mediación
Código del tipo de medio n
338 ## - TIPO DE SOPORTE
Fuente rdacarrier
Nombre del tipo de soporte volumen
Código del tipo de soporte nc
490 0# - • MENCIÓN DE SERIE
Mención de serie Bibliotecas Leo la Vida
504 ## - • NOTA DE BIBLIOGRAFÍA, ETC
Nota de bibliografía, etc. Incluye referencias bibliográficas
520 ## - • NOTA DE RESUMEN
Resumen, etc, En esta obra, el lector se adentrará en el zoológico numérico, un paisaje mental en el que, en lugar de animales salvajes, aparece una gran variedad de números, algunos son mansitos otros son predadores, y entre todos se crean vínculos y relaciones numéricas que los transforman. A través de un relato ameno que teje historias y teorías numéricas, el autor narra de forma impecable, una serie de episodios, a manera de capítulos, centrados en los principales representantes de la fauna de este particular zoológico numérico, sus propiedades y comportamientos para, al final, entregar magistrales lecciones que los maestros pueden emplear para mejorar el acompañamiento pedagógico en la enseñanza y el aprendizaje de las matemáticas escolares
545 ## - DATOS BIOGRÁFICOS O HISTÓRICOS
Datos bigr´ficos o históricos Incluye datos biográficos del autor
650 07 - • PUNTO DE ACCESO ADICIONAL DE MATERIA - TÉRMINO DE MATERIA
Término de materia o nombre geográfico como elemento inicial Educación primaria
Fuente del encabezamiento o término lemb
650 07 - • PUNTO DE ACCESO ADICIONAL DE MATERIA - TÉRMINO DE MATERIA
Término de materia o nombre geográfico como elemento inicial Juegos en la enseñanza de las matemáticas
Fuente del encabezamiento o término lemb
650 07 - • PUNTO DE ACCESO ADICIONAL DE MATERIA - TÉRMINO DE MATERIA
Término de materia o nombre geográfico como elemento inicial Matemáticas recreativas
Fuente del encabezamiento o término lemb
650 07 - • PUNTO DE ACCESO ADICIONAL DE MATERIA - TÉRMINO DE MATERIA
Término de materia o nombre geográfico como elemento inicial Matemáticas
Subdivisión de materia general Enseñanza
Fuente del encabezamiento o término lemb
942 ## - ENTRADA DE ELEMENTOS AGREGADOS (KOHA)
Fuente de clasificaión o esquema Dewey Decimal Classification
Koha [por defecto] tipo de item LIbro
Suppress in OPAC 0
Existencias
Perdido Fuente de clasificación o esquema Estado Físico No para préstamo Forma de adquisición Localización permanente Localización actual Localización en estanterías Fecha adquisición Préstamos totales Signatura completa Código de barras Fecha última consulta Número de copia Fecha del precio de reemplazo Tipo de item de Koha Fuente de adquisición Calificador de ubicación codificada Número de registro
  Dewey Decimal Classification     Colección General Biblioteca Pública Fuentedeoro - Henry Llanos García Biblioteca Pública Fuentedeoro - Henry Llanos García General 10/22/2025   510.7 V17z Fo02895 10/22/2025 Ej.1 10/22/2025 LIbro      
  Dewey Decimal Classification     Colección General Biblioteca Pública José Eustasio Rivera - San Martin Biblioteca Pública José Eustasio Rivera - San Martin General 04/30/2026   510.7 V17z SM04637 04/30/2026 Ej.1 04/30/2026 LIbro      
  Dewey Decimal Classification     Colección General Biblioteca Pública Guamal Biblioteca Pública Guamal General 01/24/2026   510.7 V17z GUA004996 01/24/2026 Ej.1 01/24/2026 LIbro      
  Dewey Decimal Classification     Colección General Biblioteca Pública Mapiripan - Jorge Eliecer Gaitán Biblioteca Pública Mapiripan - Jorge Eliecer Gaitán General 05/06/2026   510.7 V17z MPJG01276 05/06/2026 Ej.1 05/06/2026 LIbro      
  Dewey Decimal Classification     Colección General Biblioteca Pública Rural El Yarí- vereda Playa Rica La Macarena Biblioteca Pública Rural El Yarí- vereda Playa Rica La Macarena General 10/24/2025   510.7 V17z 9789587896435 11/10/2025 Ej.1 11/10/2025 LIbro biblioteca nacional 9789587896435  
  Dewey Decimal Classification     Colección General Biblioteca Pública Uribe - Reinerio Arenas Biblioteca Pública Uribe - Reinerio Arenas General 02/02/2026   510.7 V17z URI03255 02/02/2026 Ej.1 02/02/2026 LIbro      
  Dewey Decimal Classification     Colección Depósito Legal del Meta Biblioteca Pública Vistahermosa Biblioteca Pública Vistahermosa General 11/30/2025   510.7 V17z VIST 0002756 02/20/2026 Ej.1 02/20/2026 LIbro DONACION RED DE BIBLIOTECA   510.7
  Dewey Decimal Classification       Biblioteca Pública Vistahermosa Biblioteca Pública Vistahermosa General 11/30/2025   510.7 V17z VIST 0002757 02/20/2026 Ej.1 02/20/2026 LIbro DONACION RED DE BIBLIOTECA   510









Instituto Departamental de Cultura del Meta - Red Departamental de Bibliotecas Públicas del Meta.